What's It Stand For? III Quiz Stats

Quiz Updated Mar 24, 2016

Challenge
Share
Tweet
Embed
Score 0/60 Timer 09:00
0 Plays Today
% Correct
National
86.8%
Disc
84.2%
Association
84.1%
American
76%
Compact
75.8%
People
74.5%
(of) Colored
72.6%
Underwater
69.7%
North
69.7%
Breathing
68%
Trade
67%
Apparatus
65.1%
of
63.9%
Free
63.8%
the
61%
(for the) Advancement
60.7%
Agreement
60%
Memory
59.7%
United
58.6%
States
58.3%
Light
57.6%
President
55.2%
Self-
52.9%
in
52.7%
Contained
52.1%
Read-
51.3%
Only
47.9%
Not
44.5%
My
44.4%
Back-
42.9%
% Correct
yard
42.9%
Organisation
41.4%
South-
34.7%
east
33.8%
Treaty
33.6%
British
33%
and
32.8%
Asia
30.5%
(of) Film
28.6%
Academy
25.2%
(and) Television
25%
System
18.5%
(of) Radiation
18%
Defense
16.2%
Amplification
16%
Arts
16%
Emission
15.6%
Agency
13.8%
Code
13.7%
Advanced
12.5%
Research
12.4%
Control
11.1%
Warning
10.5%
(by) Stimulated
9.9%
Airborne
9.3%
Projects
7.8%
Instruction
7.5%
Beginner's
7.2%
Symbolic
5.4%
All-purpose
5.2%

You're not logged in!

Compare scores with friends on all Sporcle quizzes.
Join for Free
OR
Log In

You Might Also Like...

Show Comments

Extras

Top Quizzes Today


Score Distribution

Your Account Isn't Verified!

In order to create a playlist on Sporcle, you need to verify the email address you used during registration. Go to your Sporcle Settings to finish the process.

Report this User

Report this user for behavior that violates our Community Guidelines.

Details: